| 000 | 00582nam a22001937a 4500 | ||
|---|---|---|---|
| 003 | KOHA_MİRAKIL | ||
| 005 | 20240930101024.0 | ||
| 008 | 240929b2022 tu ||||| |||| 00| 0 tur d | ||
| 020 | _a9789751411631 | ||
| 040 |
_aTR-AnABB _btur _cTR-AnABB |
||
| 041 | _atur | ||
| 082 |
_a158.1 _bCUC 2022 |
||
| 100 |
_aCüceloğlu, Doğan, _d1938-2021. |
||
| 245 | 0 |
_aBir kadın bir ses : _bTürkiye'de bir kadının varolma savaşı / _cDoğan Cüceloğlu. |
|
| 260 |
_aİstanbul : _bRemzi Kitabevi, _c2022. |
||
| 300 |
_a189 sayfa ; _c20 cm. |
||
| 650 | _aKişisel gelişim | ||
| 942 |
_2ddc _cBK |
||
| 999 |
_c2550 _d2550 |
||